African Borders Quiz Stats

Quiz Updated Feb 24, 2017

Challenge
Share
Tweet
Embed
Score 0/48 Timer 07:00
1 Play Today
Country Longest Border With... % Correct
AlgeriaMorocco
92%
BotswanaSouth Africa
83.9%
AngolaDemocratic Republic of Congo
81.2%
EgyptSudan
78.1%
LesothoSouth Africa
76.4%
EthiopiaSomalia
74.2%
MoroccoAlgeria
73.5%
EritreaEthiopia
73.3%
DjiboutiEthiopia
72.5%
LibyaEgypt
72.3%
ChadSudan
69.8%
BeninNigeria
69.6%
Central African RepublicDemocratic Republic of Congo
69.6%
Burkina FasoMali
68.9%
MauritaniaMali
68.4%
CameroonNigeria
67.3%
MaliMauritania
66.5%
NigerNigeria
66.4%
South SudanSudan
64.7%
The GambiaSenegal
64.5%
Republic of the CongoDemocratic Republic of Congo
64.5%
Democratic Republic of the CongoAngola
63.1%
SudanSouth Sudan
62.4%
SwazilandSouth Africa
61.8%
Country Longest Border With... % Correct
SomaliaEthiopia
61.4%
NamibiaAngola
61.4%
GhanaTogo
61.2%
MalawiMozambique
60.9%
BurundiTanzania
59.5%
South AfricaBotswana
59.2%
Cote d'IvoireLiberia
58.5%
KenyaUganda
58.3%
Equatorial GuineaGabon
58.2%
Guinea-BissauGuinea
57.7%
TunisiaAlgeria
55%
LiberiaCote d'Ivoire
54.6%
MozambiqueMalawi
54.1%
NigeriaCameroon
53%
GabonRepublic of the Congo
52.2%
RwandaBurundi
51%
TanzaniaKenya
50.9%
TogoGhana
48.8%
UgandaKenya
48%
SenegalMauritania
47.2%
GuineaMali
43.6%
Sierra LeoneGuinea
39.2%
ZambiaDemocratic Republic of Congo
38.1%
ZimbabweMozambique
38%

You're not logged in!

Compare scores with friends on all Sporcle quizzes.
Join for Free
OR
Log In

You Might Also Like...

Show Comments

Extras

Top Quizzes Today


Score Distribution

Your Account Isn't Verified!

In order to create a playlist on Sporcle, you need to verify the email address you used during registration. Go to your Sporcle Settings to finish the process.

Report this User

Report this user for behavior that violates our Community Guidelines.

Details: